000 00753nam a22002657a 4500
001 00260
003 DO-SdBNP
005 20180131152822.0
008 151215b 1981sp xxu||||| |||| 00| 0 spa d
020 _a8426103502
040 _aBPMSU
_bspa
_cBPMSU
092 _axxxxx
_bxxxxx
100 1 _aKurtz, Carmen,
_d1911-1999.
245 1 0 _aOscar, espía atómico /
_cCarmen Kurtz ; Ilustrado por Carlos María Alvarez.
250 _a6ª ed.
260 _aBarcelona :
_bJuventud,
_c1981.
300 _a175 p. :
_bil. ;
_c 23 cm.
490 1 _aJuventud
_v ; 21
700 1 2 _aAlvarez, Carlos María,
_eil.
830 0 _aJuventud
_n; 21
910 _a00260
942 _2ddc
_cBK
945 _aInventariado, 2018 / BT
956 _aLorenza Pérez
_b10
999 _c9118
_d9118